| 000 | 00593cam a22002171 4500 | ||
|---|---|---|---|
| 001 | med47001901 | ||
| 003 | DLC | ||
| 005 | 20260227111604.0 | ||
| 008 | 750604s1947 nyua 000 0beng | ||
| 010 | _amed47001901 | ||
| 035 | _a(OCoLC)1371790 | ||
| 040 |
_aDLC _cFO _dOCoLC _dDLC |
||
| 042 | _apremarc | ||
| 050 | 0 | 0 |
_aRK43.E75 _bE75 |
| 082 | _a926.1 | ||
| 100 | 1 |
_aEskelund, Karl, _d1917 or 1918- |
|
| 245 | 1 | 0 |
_aMy Danish father; _cillus. by Robert P. Hooton. |
| 260 |
_aGarden City, N.Y., _bDoubleday, _c1947. |
||
| 300 |
_a255 p. _billus. _c21 cm. |
||
| 600 | 1 | 0 |
_aEskelund, Niels, _d1891- |
| 999 |
_c38455 _d38455 |
||